000 00611nam a2200193 a 4500
001 1770366453678
003 YourLibrary
005 20260206135858.0
008 260206s1997##################000#0#eng##
020 _a9780070067097
082 0 4 _a306.3
_bBEC
100 1 _aBecker, Gary S.,
_eauthor.
245 1 0 _aThe Economics of Life: From Baseball to Affirmative Action to Immigration, How Real-World Issues Affect Our Everyday Life :
260 _bMcGraw Hill Professional,
_c1997.
300 _a352 pages
650 0 _aBusiness & Economics.
942 _cENGLISH
040 _aYourLibrary
_beng
_cYourLibrary
999 _c610658
_d610658